Riadenie tepelnej sústavy signálovým procesorom

Guardado en:
Detalles Bibliográficos
Autor principal: Klučka, Michal (Autor)
Otros Autores: Balogh, Richard, 1969- (Orientador)
Formato: Manuscrito Libro
Lenguaje:eslovaco
Publicado: Bratislava : STU v Bratislave FEI, 2006
Materias:
Etiquetas: Agregar Etiqueta
Sin Etiquetas, Sea el primero en etiquetar este registro!

MARC

LEADER 00000ntm a22000003a 4500
001 stu120817
005 20160719165015.0
008 060615s2006------------------------slo-d
040 |a STU  |b slo 
041 0 |a slo 
100 1 |a Klučka, Michal  |4 aut 
245 1 |a Riadenie tepelnej sústavy signálovým procesorom 
260 |a Bratislava :  |b STU v Bratislave FEI,  |c 2006 
300 |a 84 s 
650 7 |a automatizácia  |2 stusub 
700 1 |a Balogh, Richard,  |d 1969-  |4 ths  |u E010  |T FEI Ústav riadenia a priemyselnej informatiky  |X 3706  |U E010  |Y E010  |7 A000003706